One-Word California Cities Quiz Stats

Quiz Updated Feb 20, 2015

Challenge
Share
Tweet
Embed
Score 0/20 Timer 04:00
5 Plays Today
Population City % Correct
466,488Sacramento
92.7%
390,724Oakland
77.9%
494,665Fresno
69.9%
336,265Anaheim
62.8%
347,483Bakersfield
58.1%
303,871Riverside
45.8%
291,707Stockton
38.4%
212,375Irvine
37.4%
201,165Modesto
33.7%
191,719Glendale
26%
Population City % Correct
197,899Oxnard
25.6%
214,089Fremont
25.3%
167,086Oceanside
19.4%
163,924Ontario
19.2%
150,441Salinas
17.7%
149,058Pomona
15.2%
156,633Lancaster
14.1%
152,750Palmdale
13.1%
196,069Fontana
12.8%
152,374Corona
12.4%

You're not logged in!

Compare scores with friends on all Sporcle quizzes.
Sign Up with Email
OR
Log In

You Might Also Like...

Show Comments

Extras

Top Quizzes Today


Score Distribution

Your Account Isn't Verified!

In order to create a playlist on Sporcle, you need to verify the email address you used during registration. Go to your Sporcle Settings to finish the process.